[Event "ICS rated blitz match"]
[Site "207.99.83.227"]
[Date "1999.03.16"]
[Round "?"]
[White "Hossa"]
[Black "Speedy"]
[Result "0-1"]
[WhiteElo "2467"]
[BlackElo "2340"]
[Annotator "Crafty v16.5"]
[PlyCount "51"]

{annotating for player Hossa using a scoring margin of +0.10 pawns. search
time limit is 10.00} 1. e4 1... c5 2. Bc4 a6 3. Nc3 b5 4. Bxf7+ Kxf7 5. Qh5+ g6
6. Qd5+ e6 7. Qxa8 Nc6 8. Nf3 Qc7 9. d3 b4 10. Ne2 h6 11. Bf4 d6 12. e5 ({
8:-0.31} 12. e5 12... Bb7 13. exd6 Qb6 14. Qxf8+ Kxf8 15. O-O-O Kf7 16. Rhe1
16... Nf6 $15) ({8:+0.05} 12. Nh4 12... Bb7 13. Qxf8+ Kxf8 14. Nxg6+ Kf7 15.
Nxh8+ Kg7 16. O-O-O Kxh8 17. Rhe1 17... Kg7 $10) 12... d5 13. Nh4 Nge7 14. Bxh6
Bxh6 15. f4 Rh7 16. f5 ({9:-5.42} 16. f5 16... gxf5 17. Nxf5 Nxf5 18. Rf1 Bb7
19. Rxf5+ exf5 20. e6+ Kxe6 21. Qe8+ Kf6 22. Ng3 $19) ({9:-3.25} 16. Nxg6 16...
Nxg6 17. f5 exf5 18. h4 Ngxe5 19. Rf1 Rg7 20. Rf2 $19) 16... gxf5 17. Nxf5 Nxf5
18. Rf1 Bb7 19. Qxb7 Qxb7 20. g4 Be3 21. gxf5 exf5 22. Rxf5+ Ke6 23. Rf6+ Kxe5
24. Rf3 d4 25. b3 ({8:-8.42} 25. b3 25... Rxh2 26. Rf1 Qe7 27. a3 Qh4+ 28. Kd1
Qg4 29. Re1 $19) ({8:-7.76} 25. Ng3 25... Ne7 26. Ne4 Rxh2 27. Rf7 Rxc2 28. b3
28... Qc7 $19) 25... Ne7 26. Rf1 ({9:-16.50} 26. Rf1 26... Rxh2 27. Nf4 Bxf4
28. Kd1 Rh1 29. Ke2 Qg2+ 30. Rf2 Qg4+ 31. Rf3 31... Rxa1 $19) ({10:-11.22} 26.
Rxe3+ 26... dxe3 27. O-O-O Rxh2 28. Re1 Rh1 29. Ng1 Qg2 30. Rxe3+ Kd6 31. a4
Rxg1+ 32. Kb2 $19) 0-1

[Event "ICS rated blitz match"]
[Site "207.99.83.227"]
[Date "1999.03.16"]
[Round "?"]
[White "Hossa"]
[Black "Speedy"]
[Result "1-0"]
[WhiteElo "2445"]
[BlackElo "2362"]
[PlyCount "61"]

1. e4 c5 2. Bc4 a6 3. Nc3 b5 4. Bxf7+ Kxf7 5. Qh5+ g6 6. Qd5+ e6 7. Qxa8 Nc6 8.
Nf3 h6 9. O-O Qc7 10. d4 Bb7 11. Nxb5 axb5 12. Bf4 d6 13. Qa3 cxd4 14. Qd3 e5
15. Bd2 Qb6 16. Qb3+ Kg7 17. a4 b4 18. Rad1 Nf6 19. Rfe1 Be7 20. c3 dxc3 21.
bxc3 Na5 22. Qe6 Qc7 23. cxb4 Nc4 24. Rc1 d5 25. Nxe5 Qxe5 26. Qxe5 Nxe5 27.
Rc7 Ned7 28. Rxb7 dxe4 29. Bc3 Rd8 30. Rd1 Kf7 31. Bxf6 {Speedy resigns} 1-0

[Event "ICS rated blitz match"]
[Site "207.99.83.227"]
[Date "1999.03.16"]
[Round "?"]
[White "JudgeTurpin"]
[Black "Hossa"]
[Result "1-0"]
[WhiteElo "2422"]
[BlackElo "2457"]
[Annotator "Crafty v16.5"]
[PlyCount "104"]

{annotating for player Hossa using a scoring margin of +0.10 pawns. search
time limit is 10.00} 1. Nf3 1... Nc6 2. d4 d5 3. c4 e6 4. cxd5 exd5 5. e3 Bb4+
6. Bd2 Bxd2+ 7. Nbxd2 Nge7 8. Be2 Bg4 ({9:-0.35} 8... Bg4 9. O-O Qd7 10. Nh4
Be6 11. Qc2 O-O-O 12. Rac1 12... Nf5 $14) ({9:-0.04} 8... Qd6 9. O-O O-O 10.
Nb3 Re8 11. Bd3 Bf5 12. Bxf5 Nxf5 13. Qd3 $10) 9. O-O Qd7 10. Nb3 O-O ({8:-0.96
} 10... O-O 11. Nh4 Bxe2 12. Qxe2 g5 13. Nc5 Qc8 14. Nf3 14... b6 $16) ({
8:-0.39} 10... Qd6 11. Nh4 Be6 12. Nc5 O-O-O 13. Qb3 Na5 14. Qd3 $14) 11. Nc5
Qc8 ({8:-0.53} 11... Qc8 12. Nh4 Bxe2 13. Qxe2 b6 14. Nb3 g5 15. Nf3 15... Qf5
$14) ({8:-0.34} 11... Qe8 12. Nh4 Bxe2 13. Qxe2 Nc8 14. Qg4 b6 15. Nd7 15... f5
$14) 12. Rc1 Re8 13. h3 Be6 ({9:-0.46} 13... Be6 14. Nh4 a5 15. f4 b6 16. Nxe6
Qxe6 17. Qd2 f5 18. Bh5 $14) ({9:-0.19} 13... Bxf3 14. Bxf3 b6 15. Nd3 Qe6 16.
Qc2 Qf5 17. Nf4 Qxc2 18. Rxc2 18... Rad8 $10) 14. Re1 Bf5 15. Bb5 Rd8 ({8:-0.61
} 15... Rd8 16. Nh4 Rb8 17. f4 Kf8 18. Qh5 Nb4 19. a4 $14) ({8:-0.30} 15... a6
16. Bxc6 Nxc6 17. Nh4 Ne7 18. f4 b6 19. Nd3 19... Be4 $10) 16. Nh4 Be4 17. a3
a6 18. Ba4 Rd6 19. Nf3 Rg6 20. Kh1 Rf6 21. Nxe4 dxe4 22. Nd2 Rxf2 23. Kg1 Rf5
24. Nxe4 Rb8 25. Nc5 Qe8 ({8:-0.93} 25... Qe8 26. e4 Rf6 27. d5 Rd6 28. Qe2 b5
29. dxc6 bxa4 30. Nxa6 $16) ({8:-0.12} 25... Rg5 26. Qf3 a5 27. Bb5 Qd8 28. Bc4
Nd5 29. Qe4 $10) 26. e4 Rf6 27. d5 Rd6 28. Qc2 b5 29. Bb3 Ne5 30. Nd3 Nxd3 31.
Qxd3 Rd7 32. Qg3 Rbd8 33. Ba2 Rc8 34. Rc5 Ng6 35. e5 Qe7 36. d6 Qf8 37. Qc3 b4
38. axb4 Nh8 39. Bc4 a5 40. bxa5 Rb8 41. e6 cxd6 42. exd7 dxc5 43. Bb5 Rxb5 44.
Qe5 Ng6 45. Qe8 Rb8 46. Qxb8 Qxb8 47. Re8+ Qxe8 48. dxe8=Q+ Nf8 49. a6 g5 50.
a7 Kg7 51. a8=Q c4 52. Qxf8+ Kf6 1-0

[Event "ICS Rated standard match"]
[Site "207.99.83.227"]
[Date "1999.03.17"]
[Round "?"]
[White "MasterMarc"]
[Black "Hossa"]
[Result "1-0"]
[WhiteElo "2397"]
[BlackElo "2194"]
[Annotator "Crafty v16.5"]
[PlyCount "188"]

{annotating for player Hossa using a scoring margin of +0.10 pawns. search
time limit is 10.00} 1. e4 1... c5 2. Nf3 Nf6 3. e5 Nd5 4. Nc3 Nf4 5. d4 cxd4
6. Qxd4 Ne6 7. Qe4 Nc5 8. Qh4 Nc6 9. Bc4 b6 ({7:-0.95} 9... b6 10. O-O Na5 11.
Be3 Bb7 12. Bxc5 12... Bxf3 $16) ({7:-0.73} 9... d6 10. exd6 Be6 11. Bxe6 Nxe6
12. dxe7 Bxe7 13. Qe4 Nc5 14. Qf5 $16) 10. O-O Bb7 11. Bg5 Ne6 ({7:-1.28} 11...
Ne6 12. Bxe6 dxe6 13. Rad1 Qc8 14. Qh5 Qc7 15. Nb5 $16) ({7:-1.00} 11... Na5
12. Bd5 Bxd5 13. Nxd5 d6 14. Rad1 Rc8 15. exd6 15... Qxd6 $16) 12. Bxe6 dxe6
13. Rad1 Qc7 14. Rfe1 Rc8 ({7:-1.22} 14... Rc8 15. Nb5 Qb8 16. Qf4 Ba6 17. Nc3
17... Qc7 $16) ({7:-1.11} 14... Na5 15. Nb5 Qc8 16. Qa4 Bc6 17. Nfd4 Bd7 18.
Kf1 Qc4+ 19. Qxc4 19... Nxc4 $16) 15. Nb5 Qb8 16. c4 Nb4 17. Qd4 Bc6 18. Qd2
Bxb5 ({8:-1.24} 18... Bxb5 19. cxb5 Nd5 20. Nd4 Qc7 21. Rc1 Qd7 22. Nc6 22...
f6 $16) ({8:-0.83} 18... Nxa2 19. b3 f6 20. Qxa2 Bxf3 21. gxf3 fxg5 22. Nxa7
22... Rd8 $16) 19. cxb5 Nd5 20. Qd3 h6 ({9:-1.34} 20... h6 21. Bd2 Qc7 22. Rc1
Qb7 23. Rxc8+ Qxc8 24. Nd4 Qc7 25. Nc6 25... a6 $16) ({9:-1.19} 20... Qc7 21.
Rc1 Qd7 22. Rxc8+ Qxc8 23. Bd2 Qd7 24. Ng5 h6 25. Ne4 25... Qd8 $16) 21. Bd2 g6
22. Nd4 Qb7 23. Bc1 Qd7 24. Nc6 Bg7 25. Be3 Qb7 ({9:-0.75} 25... Qb7 26. Qd2 a6
27. Nb4 Nxe3 28. Qxe3 a5 29. Nc6 O-O 30. Qd4 $16) ({9:-0.62} 25... O-O 26. Rc1
Rc7 27. Red1 Rfc8 28. Qd2 Kh7 29. Bf4 29... a6 $14) 26. Qd2 a6 27. a4 axb5 ({
8:-0.72} 27... axb5 28. axb5 Ra8 29. Ra1 g5 30. Rxa8+ Qxa8 31. Qd4 O-O 32. Rd1
32... Qb7 $16) ({8:-0.50} 27... h5 28. Bg5 axb5 29. axb5 O-O 30. Bh6 Bxh6 31.
Qxh6 Qc7 32. b4 $14) 28. axb5 Ra8 29. b4 Ra4 ({9:-0.58} 29... Ra4 30. Rf1 h5
31. Ra1 Qa8 32. Qd4 O-O 33. Bg5 33... Re8 $14) ({9:-0.46} 29... h5 30. Rc1 Nxe3
31. Qxe3 O-O 32. Red1 Rfc8 33. Qg5 Rc7 34. Qf4 $14) 30. Rc1 Qa8 ({9:-0.76} 
30... Qa8 31. Rc2 Nxe3 32. Rxe3 Ra1+ 33. Rc1 Rxc1+ 34. Qxc1 Qb7 35. Ra3 Qc8 36.
Qf4 36... Qc7 $16) ({9:-0.54} 30... h5 31. Ra1 Qa8 32. Qd4 O-O 33. Bg5 Re8 34.
Red1 34... Ra2 $14) 31. Rc2 Ra1 32. Rxa1 Qxa1+ 33. Rc1 Qa8 34. Bd4 O-O 35. Ra1
Qe8 36. Ra6 Qd7 37. Ra7 Nc7 38. Qc1 Ra8 39. Rb7 Kh8 40. Rxb6 Qd5 41. Qf1 Qd7
42. Qc4 Nd5 43. Ra6 Rc8 44. Qc5 Nf4 45. Ra7 Ne2+ 46. Kf1 Qxd4 47. Nxd4 Rxc5 48.
bxc5 Nxd4 49. Ra8+ Kh7 50. b6 Bxe5 51. Rc8 Nb3 52. c6 Nd2+ 53. Ke2 Nc4 54. b7
Na5 55. f4 Bxf4 56. c7 Nxb7 57. Rh8+ Kxh8 58. c8=Q+ Kg7 59. Qxb7 Bg5 60. Qe4 h5
61. Kd3 Bf6 62. Qf4 g5 63. Qe4 g4 64. Qe3 Kg6 65. Qe2 Kh6 66. Kd2 Kg6 67. Qe4+
Kh6 68. Ke3 Bb2 69. Qf4+ Kg6 70. Qb8 Bf6 71. Qg8+ Bg7 72. g3 e5 73. Kd2 f5 74.
Qe8+ Kf6 75. Qxh5 e4 76. Qh4+ Ke6 77. Qg5 Bf6 78. Qg6 Ke5 79. Kc3 e6 80. Qf7
Bg5 81. Qg7+ Bf6 82. Qc7+ Kd5+ 83. Kb4 Bd4 84. Qd8+ Ke5 85. Kc4 Bg1 86. Qd1 Bb6
87. Qd2 Bg1 88. Qd8 Be3 89. Qa5+ Kf6 90. Qc3+ Kf7 91. Qxe3 Kg7 92. Qg5+ Kf7 93.
Kd4 e3 94. Ke5 e2 1-0

[Event "ICS rated standard match"]
[Site "207.99.83.227"]
[Date "1999.03.17"]
[Round "?"]
[White "lupus2"]
[Black "Hossa"]
[Result "1/2-1/2"]
[WhiteElo "2401"]
[BlackElo "2186"]
[PlyCount "129"]

1. e4 c5 2. Nc3 Nc6 3. Nf3 Nf6 4. d4 cxd4 5. Nxd4 e5 6. Ndb5 Bb4 7. a3 Bxc3+ 8.
Nxc3 Qa5 9. Bd2 O-O 10. Nd5 Qd8 11. Bg5 Kh8 12. Bxf6 gxf6 13. Qh5 Nd4 14. Qh6
Rg8 15. Nxf6 Rg7 16. Bd3 Ne6 17. O-O Nf4 18. g3 Nxd3 19. cxd3 a5 20. f4 d6 21.
Rad1 Be6 22. f5 Bd7 23. Nh5 Rg5 24. h4 Rg8 25. Qxd6 Re8 26. Nf6 Ra6 27. Qxd7
Rxf6 28. Qxb7 Qb6+ 29. Qxb6 Rxb6 30. Rd2 Reb8 31. Rff2 Rb3 32. f6 Re8 33. Rf5
h6 34. Kf2 Kh7 35. Kf3 Kg6 36. Ke2 Rb6 37. h5+ Kh7 38. g4 a4 39. Ke3 Rd6 40. d4
exd4+ 41. Rxd4 Rxd4 42. Kxd4 Ra8 43. Rc5 Ra6 44. e5 Rb6 45. Rc7 Kg8 46. Rc8+
Kh7 47. Rf8 Rd6+ 48. Kc5 Rc6+ 49. Kb4 Rb6+ 50. Kc3 Rc6+ 51. Kd3 Rc3+ 52. Ke4
Rc4+ 53. Kd5 Rc5+ 54. Kd6 Rd5+ 55. Ke7 Rxe5+ 56. Kd7 Rd5+ 57. Kc7 Rc5+ 58. Kd6
Rd5+ 59. Kc6 Rc5+ 60. Kb7 Rb5+ 61. Kc7 Rc5+ 62. Kd7 Rd5+ 63. Ke7 Re5+ 64. Kxf7
Re7+ 65. fxe7 {Hossa stalemated} 1/2-1/2

[Event "ICS rated blitz match"]
[Site "207.99.83.227"]
[Date "1999.03.17"]
[Round "?"]
[White "Hossa"]
[Black "Speedy"]
[Result "1-0"]
[WhiteElo "2439"]
[BlackElo "2350"]
[PlyCount "57"]

1. e4 c5 2. Bc4 a6 3. Nc3 b5 4. Bxf7+ Kxf7 5. Qh5+ g6 6. Qd5+ e6 7. Qxa8 Nc6 8.
Nf3 Qc7 9. d3 b4 10. Ne2 h6 11. Bf4 d6 12. e5 d5 13. Nh4 Nge7 14. Bxh6 Rxh6 15.
Nf3 Kg7 16. O-O-O Rh5 17. Ng3 Rh8 18. Rde1 Nf5 19. Nxf5+ gxf5 20. Ng5 Be7 21.
h4 Bd7 22. Qxa6 Bxg5+ 23. hxg5 Rxh1 24. Rxh1 Nxe5 25. f4 Nc6 26. Qa8 Qxf4+ 27.
Kb1 Qxg5 28. Qh8+ Kg6 29. Rh7 {Speedy resigns} 1-0

[Event "ICS rated blitz match"]
[Site "207.99.83.227"]
[Date "1999.03.17"]
[Round "?"]
[White "Gromit211"]
[Black "Hossa"]
[Result "1-0"]
[WhiteElo "2352"]
[BlackElo "2462"]
[Annotator "Crafty v16.5"]
[PlyCount "96"]

{annotating for player Hossa using a scoring margin of +0.10 pawns. search
time limit is 10.00} 1. d4 1... Nf6 2. c4 g6 3. f3 Bg7 4. e4 d6 ({9:-0.12} 4...
d6 5. Bd3 O-O 6. Ne2 c5 7. O-O cxd4 8. Nxd4 Nc6 9. Be3 $10) ({9:+0.21} 4... O-O
5. Nc3 Nc6 6. Be3 Nh5 7. Nh3 b6 8. Be2 8... Ba6 $10) 5. Nc3 O-O 6. Be3 e5 7. d5
Na6 8. Nb5 Nc5 9. b4 Na6 10. Rb1 b6 11. Bd3 Nb8 ({9:-0.42} 11... Nb8 12. Ne2
Nbd7 13. O-O a5 14. bxa5 Rxa5 15. Nec3 Nc5 16. Bg5 $14) ({9:-0.29} 11... Bb7
12. Nh3 c6 13. dxc6 Bxc6 14. O-O Nc7 15. Qd2 Qe7 16. Ng5 Nxb5 17. cxb5 $10) 12.
Ne2 Nbd7 ({8:-0.43} 12... Nbd7 13. Nbc3 Bb7 14. O-O c6 15. Rc1 cxd5 16. Nxd5
16... Rc8 $14) ({8:-0.32} 12... c6 13. Nbc3 cxd5 14. cxd5 Nbd7 15. O-O Bb7 16.
Rc1 16... Rc8 $14) 13. O-O a5 14. a3 axb4 15. axb4 Ba6 16. Nec3 Nh5 17. Ra1 Nf4
18. Bc2 Nf6 19. Qd2 N6h5 20. Qf2 Qe7 21. Rac1 Bxb5 22. Nxb5 Ra2 23. Bd2 Rfa8
24. Bb1 R2a4 25. Bc2 R4a6 ({10:-0.29} 25... R4a6 26. Nc3 Ra3 27. Rfe1 Bf6 28.
Red1 Bg7 29. b5 f6 30. Qe3 $10) ({11:+0.00} 25... Ra2 $10) 26. Bb1 Kh8 ({
9:-0.31} 26... Kh8 27. c5 bxc5 28. bxc5 Rb8 29. cxd6 cxd6 30. Rc7 Qg5 31. Bxf4
Nxf4 32. Nc3 $14) ({11:+0.00} 26... Ra4 $10) 27. c5 dxc5 ({8:-0.73} 27... dxc5
28. bxc5 Qd8 29. Rfd1 f6 30. c6 Kg8 31. Bxf4 Nxf4 32. Bd3 $16) ({8:-0.23} 27...
bxc5 28. bxc5 Rb8 29. cxd6 cxd6 30. Nc3 Kg8 31. Bc2 Rb2 32. Be3 $10) 28. bxc5
Qd7 29. c6 Qc8 ({8:-0.94} 29... Qc8 30. d6 cxd6 31. Nxd6 Qc7 32. Nb5 Qe7 33.
Be3 33... Qb4 $16) ({8:-0.82} 29... Qe7 30. Rfd1 Rc8 31. Bxf4 Nxf4 32. d6 cxd6
33. Nxd6 Rc7 34. Bd3 $16) 30. d6 cxd6 31. Nxd6 Qc7 32. Nb5 Qe7 33. c7 Rc8 34.
Be3 Qb4 35. Rfd1 Ne6 36. Bd3 Nhf4 37. Bc4 Ra4 38. Bxf4 exf4 39. Bxe6 fxe6 40.
Rd8+ Qf8 41. Rcd1 Raa8 42. Qxb6 Be5 43. Rxf8+ Rxf8 44. Qxe6 Bxc7 45. Nxc7 Rab8
46. Rd7 Rb1+ 47. Kf2 Rb2+ 48. Ke1 Rb1+ 1-0

[Event "ICS rated blitz match"]
[Site "207.99.83.227"]
[Date "1999.03.17"]
[Round "?"]
[White "Hossa"]
[Black "Gromit211"]
[Result "0-1"]
[WhiteElo "2461"]
[BlackElo "2537"]
[Annotator "Crafty v16.5"]
[PlyCount "127"]

{annotating for player Hossa using a scoring margin of +0.10 pawns. search
time limit is 10.00} 1. e4 1... e5 2. Nf3 Nc6 3. Bb5 a6 4. Bxc6 dxc6 5. O-O Bg4
6. h3 h5 7. a3 ({9:-0.23} 7. a3 7... Bxf3 8. Qxf3 Qf6 9. Qd3 Bd6 10. Qc4 O-O-O
11. Nc3 11... Ne7 $10) ({9:+0.28} 7. d3 7... Bxf3 8. Qxf3 Qe7 9. Na3 Qe6 10.
Bg5 Bxa3 11. bxa3 Nf6 12. Rab1 $10) 7... Qf6 8. d3 ({9:-0.56} 8. d3 8... Bxf3
9. Qxf3 Qxf3 10. gxf3 O-O-O 11. Nc3 Nf6 12. Bg5 Be7 13. Bxf6 13... Bxf6 $15) ({
9:-0.42} 8. b3 8... Bxf3 9. Qxf3 Qxf3 10. gxf3 O-O-O 11. Bb2 Bd6 12. f4 f6 13.
fxe5 13... fxe5 $15) 8... Bxf3 9. Qxf3 Qxf3 10. gxf3 Bd6 11. Bg5 ({9:-0.54} 11.
Bg5 11... f6 12. Be3 O-O-O 13. Nd2 Ne7 14. Nc4 Kd7 15. Rae1 $15) ({9:-0.32} 11.
f4 11... Ne7 12. fxe5 Bxe5 13. Nd2 O-O-O 14. Nf3 Bd6 15. Bg5 Rhe8 16. Bxe7
16... Rxe7 $15) 11... g6 12. Nc3 ({10:-0.37} 12. Nc3 12... f6 13. Be3 O-O-O 14.
Rad1 Ne7 15. d4 Rhf8 16. dxe5 fxe5 17. Kg2 $15) ({10:-0.25} 12. Nd2 12... f6
13. Be3 O-O-O 14. Nc4 Ne7 15. f4 exf4 16. Nxd6+ cxd6 17. Bxf4 17... Kd7 $10)
12... f6 13. Be3 O-O-O 14. Rac1 ({9:-0.50} 14. Rac1 14... Ne7 15. d4 Rhf8 16.
Rfd1 h4 17. Kg2 Kb8 18. dxe5 18... fxe5 $15) ({9:-0.37} 14. Rad1 14... Ne7 15.
d4 h4 16. dxe5 Bxe5 17. Rxd8+ Rxd8 18. Bc5 Re8 19. Bxe7 Rxe7 20. Na4 $15) 14...
Rh7 15. a4 Rhd7 16. Ne2 f5 17. a5 ({8:-0.86} 17. a5 17... f4 18. Bd2 c5 19. Rb1
Be7 20. Bc3 20... Bf6 $17) ({8:-0.17} 17. f4 17... fxe4 18. dxe4 Nf6 19. f3 h4
20. Kf2 c5 21. fxe5 Bxe5 22. Bxc5 22... Bxb2 $10) 17... Bb4 18. f4 fxe4 19.
fxe5 ({9:-0.63} 19. fxe5 19... exd3 20. cxd3 Rxd3 21. Nf4 Rb3 22. Rc2 Ne7 23.
Ne6 23... Rdd3 $15) ({9:-0.45} 19. dxe4 19... Re8 20. fxe5 Rxe5 21. f3 Bxa5 22.
Rfd1 Nf6 23. Rxd7 Kxd7 24. Kf2 $15) 19... exd3 20. cxd3 Rxd3 21. Nf4 Rb3 22.
Rc2 Re8 23. Ra1 ({8:-1.98} 23. Ra1 23... Rxe5 24. Nxg6 Rf5 25. Kh2 Bxa5 26. Rc5
Rf6 27. Raxa5 27... Rxg6 $19) ({8:-1.21} 23. Bd4 23... Nh6 24. Ra1 Nf7 25. e6
Ng5 26. Be3 Nxe6 27. Nxg6 $17) 23... Rxe5 24. Nxg6 Rb5 25. h4 ({8:-2.32} 25. h4
25... Ne7 26. Nf4 Nf5 27. Ng6 Bxa5 28. Rc5 28... Bb4 $19) ({8:-2.01} 25. Re2
25... Ne7 26. Nf8 Re5 27. Rd1 Nd5 28. Ng6 Nxe3 29. fxe3 29... Rbxe3 $19) 25...
Rd3 26. Nf4 Rd7 27. Kg2 Bxa5 28. Rc5 Bd2 29. Rxb5 cxb5 30. Ra3 ({10:-1.99} 30.
Ra3 30... Nf6 31. Rd3 Bb4 32. Bd4 Be7 33. f3 c5 34. Be5 34... Kd8 $19) ({
10:-1.68} 30. Kf3 30... Nf6 31. Rg1 Bb4 32. Rg5 Rh7 33. Bd4 Be7 34. b3 Kd7 35.
Bxf6 Bxf6 36. Rxh5 Rxh5 37. Nxh5 37... Bxh4 $19) 30... Nf6 31. Kf3 Bb4 32. Ra2
Bd6 33. Ng6 Rf7 34. Nh8 Rg7 35. b3 Nh7 36. Rc2 Rg8 37. Bd4 Rg4 38. Be3 Rxh4 39.
Nf7 Be7 40. Bf4 c6 41. Re2 Bc5 42. Rd2 Rxf4+ 43. Kxf4 a5 44. Ng5 Nxg5 45. Kxg5
a4 46. bxa4 bxa4 47. Rc2 Bd6 48. Kxh5 Kd7 49. Kg4 b5 50. Ra2 a3 51. f4 b4 52.
Kg5 b3 53. Ra1 a2 54. f5 Be5 55. Rd1+ Ke7 56. Rd3 b2 57. Re3 a1=Q 58. Rxe5+ Kf8
59. Re6 Qg1+ 60. Kf4 b1=Q 61. Rf6+ Ke8 62. Rxc6 Qb4+ 63. Ke5 Qgd4+ 64. Ke6 0-1

[Event "ICS rated blitz match"]
[Site "207.99.83.227"]
[Date "1999.03.17"]
[Round "?"]
[White "Gromit211"]
[Black "Hossa"]
[Result "1-0"]
[WhiteElo "2756"]
[BlackElo "2459"]
[Annotator "Crafty v16.5"]
[PlyCount "79"]

{annotating for player Hossa using a scoring margin of +0.10 pawns. search
time limit is 10.00} 1. e4 1... e5 2. Nf3 Nc6 3. d4 exd4 4. Nxd4 Bc5 ({7:-0.11
} 4... Bc5 5. Nxc6 Qf6 6. Be3 Bxe3 7. fxe3 Qxc6 8. Nc3 $10) ({7:+0.17} 4... Qh4
5. Nb5 Qxe4+ 6. Qe2 Qxe2+ 7. Bxe2 Bb4+ 8. Bd2 Kd8 9. Bxb4 Nxb4 10. N1a3 $10) 5.
Be3 Bxd4 6. Bxd4 Nf6 7. Nc3 Nxd4 ({9:-0.36} 7... Nxd4 8. Qxd4 d6 9. O-O-O O-O
10. e5 Ne8 11. Nb5 Qg5+ 12. f4 dxe5 13. fxg5 exd4 14. Nxd4 $14) ({9:-0.17} 7...
O-O 8. Bc4 Qe7 9. Bxf6 Qxf6 10. O-O d6 11. Qe2 Be6 12. Rad1 $10) 8. Qxd4 O-O 9.
e5 Ne8 ({7:-0.50} 9... Ne8 10. Bd3 Qg5 11. Qe4 Qh5 12. O-O 12... d6 $14) ({
7:-0.37} 9... Nh5 10. Be2 Qg5 11. Qg4 Qxg4 12. Bxg4 Nf4 13. O-O-O $14) 10. Bd3
a6 ({8:-0.78} 10... a6 11. O-O d6 12. Qe4 g6 13. f4 Qe7 14. Nd5 14... Qe6 $16)
({8:-0.42} 10... d6 11. O-O Qg5 12. Qe4 Qg6 13. Qd5 Qe6 14. exd6 Nxd6 15. Rae1
Qxd5 16. Nxd5 $14) 11. O-O Kh8 12. Nd5 Rg8 ({8:-1.22} 12... Rg8 13. Qe4 g6 14.
Rad1 d6 15. exd6 Qxd6 16. Qd4+ f6 17. Rfe1 $16) ({8:-1.01} 12... f5 13. Rae1
Qg5 14. Qc5 d6 15. exd6 cxd6 16. Qd4 Kg8 17. Re7 $16) 13. Qe4 g6 14. Qd4 Rg7
15. Rfe1 Kg8 ({8:-1.31} 15... Kg8 16. Qc5 b6 17. Qe7 Qxe7 18. Nxe7+ Kf8 19.
Nxc8 Rxc8 20. Bxa6 $16) ({8:-1.09} 15... d6 16. exd6 Nxd6 17. Rad1 Be6 18. Nf4
Qe7 19. Nxe6 fxe6 20. Qe5 $16) 16. c4 Kh8 ({8:-1.48} 16... Kh8 17. Qc5 Rg8 18.
Ne7 d6 19. exd6 cxd6 20. Qd4+ Rg7 21. Rad1 $16) ({8:-1.22} 16... Kf8 17. Rad1
Kg8 18. Re2 a5 19. Nf6+ Kh8 20. Nxe8 Qxe8 21. Be4 $16) 17. Nf6 a5 18. Nxe8 Qxe8
19. c5 Qe6 20. Bc4 Qe7 21. Rad1 a4 ({9:-1.21} 21... a4 22. Bb5 a3 23. bxa3 Rxa3
24. Bxd7 Bxd7 25. Qxd7 Qxd7 26. Rxd7 Rxa2 27. Rxc7 $16) ({9:-1.02} 21... Kg8
22. Bd5 Rb8 23. Re3 Qg5 24. Red3 Qf5 25. f4 25... Ra8 $16) 22. b3 axb3 23. axb3
Kg8 24. b4 Qg5 25. h4 Qf5 ({8:-3.85} 25... Qf5 26. g4 Qc2 27. Rc1 Qa4 28. Ra1
b5 29. Rxa4 29... bxa4 $18) ({8:-0.65} 25... Qh5 $14) 26. g4 Qc2 27. Rc1 Qa4
28. Ra1 Qa3 ({9:-6.92} 28... Qa3 29. e6 Qxa1 30. Rxa1 Rxa1+ 31. Qxa1 fxe6 32.
Qa8 Kf7 33. Qxc8 d5 34. cxd6 cxd6 35. Qxe6+ $18) ({9:-4.96} 28... h5 29. Rxa4
Rxa4 30. Ra1 b5 31. Rxa4 bxa4 32. c6 d6 33. exd6 cxd6 34. gxh5 34... gxh5+ $18)
29. Rxa3 Rxa3 30. e6 fxe6 31. Bxe6+ dxe6 32. Qd8+ Kf7 33. Qxc7+ Kf6 34. g5+ Kf5
35. Qe5+ Kg4 36. Re4+ Kh5 37. Qxg7 Ra1+ 38. Qxa1 e5 39. Qd1+ Bg4 40. Qxg4# 1-0

[Event "ICS rated standard match"]
[Site "207.99.83.227"]
[Date "1999.03.17"]
[Round "?"]
[White "Hossa"]
[Black "Alex72"]
[Result "1-0"]
[WhiteElo "2195"]
[BlackElo "1941"]
[PlyCount "65"]

1. e4 e5 2. Nf3 Nc6 3. Bb5 a6 4. Bxc6 dxc6 5. O-O Bd6 6. d4 Bg4 7. dxe5 Bxf3 8.
Qxf3 Bxe5 9. Qb3 b6 10. c3 Nf6 11. Rd1 Qe7 12. Qc4 c5 13. f4 Rd8 14. Rxd8+ Qxd8
15. Qxa6 Bd4+ 16. Kh1 Bf2 17. Qe2 O-O 18. Qxf2 Nxe4 19. Qf3 Re8 20. Kg1 f5 21.
a4 Qd6 22. Na3 c4 23. Nxc4 Qc5+ 24. Ne3 Nf6 25. Kf1 h5 26. h3 b5 27. a5 b4 28.
a6 bxc3 29. a7 cxb2 30. Bxb2 Qb5+ 31. Qe2 Qb7 32. Bxf6 gxf6 33. Nxf5 {
Alex72 resigns} 1-0

[Event "ICS rated standard match"]
[Site "207.99.83.227"]
[Date "1999.03.17"]
[Round "?"]
[White "Hossa"]
[Black "fishless"]
[Result "0-1"]
[WhiteElo "2201"]
[BlackElo "1914"]
[Annotator "Crafty v16.5"]
[PlyCount "93"]

{annotating for player Hossa using a scoring margin of +0.10 pawns. search
time limit is 10.00} 1. e4 1... c5 2. Bc4 e6 3. Nc3 Nc6 4. Nf3 a6 5. d4 cxd4 6.
Nxd4 Nf6 7. Nxc6 bxc6 8. O-O d5 9. exd5 cxd5 10. Bb3 Bd6 11. Bg5 O-O 12. Qf3
Be7 13. Rad1 Qc7 14. Bxf6 Bxf6 15. Bxd5 Rb8 16. Bb3 Bb7 17. Qh3 Bxc3 18. Qxc3
Qxc3 19. bxc3 g6 20. f3 Kg7 21. Kf2 Rfd8 22. Rxd8 Rxd8 23. Ke3 e5 24. Rf2 ({
9:+0.64} 24. Rf2 24... f5 25. c4 g5 26. c3 f4+ 27. Ke2 h5 28. h3 e4 29. fxe4
29... Bxe4 $14) ({9:+0.84} 24. Rb1 24... f5 25. Bc4 Rd7 26. Be6 Rc7 27. c4 e4
28. fxe4 28... fxe4 $16) 24... f5 25. Rd2 ({9:+0.11} 25. Rd2 25... f4+ 26. Ke2
Rxd2+ 27. Kxd2 e4 28. Ke2 e3 29. g3 g5 30. c4 Kf6 31. gxf4 $10) ({9:+0.56} 25.
g3 25... g5 26. c4 f4+ 27. Ke2 h5 28. c3 g4 29. fxg4 fxg3 30. hxg3 30... hxg4
$14) 25... Rxd2 26. Kxd2 g5 27. Kd3 ({10:+0.16} 27. Kd3 27... e4+ 28. Ke2 exf3+
29. gxf3 Kf6 30. Bg8 Ke5 31. c4 Bc6 32. c3 h5 33. Bf7 $10) ({10:+0.43} 27. Ke2
27... g4 28. c4 gxf3+ 29. gxf3 Kf6 30. c5 Kg5 31. Ba4 Bd5 32. Bb3 32... Bc6 $14
) 27... Kf6 28. Kc4 ({10:-0.32} 28. Kc4 28... g4 29. fxg4 f4 30. g3 f3 31. Kd3
e4+ 32. Kd4 h6 33. Ke3 $15) ({10:+0.35} 28. Ke2 28... h5 29. c4 e4 30. fxe4
fxe4 31. c3 Ke5 32. Ke3 Bc6 33. a4 $14) 28... e4 29. fxe4 fxe4 30. Kd4 Kf5 31.
a4 Kf4 32. Bc4 h5 33. Be2 h4 34. Kc5 e3 35. a5 g4 36. Kd4 Bxg2 37. Bxa6 Bf3 38.
Bf1 e2 39. Bxe2 Bxe2 40. Kd5 g3 41. hxg3+ hxg3 42. c4 g2 43. c5 g1=Q 44. Kc6
Bf3+ 45. Kb5 Qb1+ 46. Kc4 Qxc2+ 47. Kb4 0-1